Sports Quiz

Random Sports or WWE Quiz

Complete the Card: TNA Victory Road 2008 Quiz Stats

 Plays Quiz not verified by Sporcle

Score 0/51 Timer 08:00
0 Plays Today
Match Particpants % Correct
Match 7 - 6 Man Tag Full Metal MayhemKurt Angle
86.4%
Match 7 - 6 Man Tag Full Metal MayhemAJ Styles
86.4%
Match 8 - World Heavyweight TitleSamoa Joe
86.4%
Match 4 - 'Fan's Revenge' Lumberjack Match for the World Tag TitlesJames Storm
81.8%
Match 4 - 'Fan's Revenge' Lumberjack Match for the World Tag TitlesRobert Roode
81.8%
Match 8 - World Heavyweight TitleSting
77.3%
Match 2 - SinglesGail Kim
74.2%
Match 2 - SinglesAngelina Love
74.2%
Match 5 - Knockouts TitleAwesome Kong
74.2%
Match 1 - 4 Way Elimination Tag MatchCurry Man
72.7%
Match 8 - World Heavyweight TitleBooker T
71.2%
Match 1 - 4 Way Elimination Tag MatchChris Sabin
69.7%
Match 2 - SinglesVelvet Sky
69.7%
Match 6 - 4 Way Ultimate X Match for the World X CupKaz
69.7%
Match 5 - Knockouts TitleAbyss
69.7%
Other TalentKevin Nash
69.7%
Match 1 - 4 Way Elimination Tag MatchAlex Shelley
68.2%
Match 7 - 6 Man Tag Full Metal MayhemBrother Ray
66.7%
Match 7 - 6 Man Tag Full Metal MayhemBrother Devon
66.7%
Other TalentMike Tenay
66.7%
Match 4 - 'Fan's Revenge' Lumberjack Match for the World Tag TitlesHernandez
62.1%
Match 4 - 'Fan's Revenge' Lumberjack Match for the World Tag TitlesHomicide
62.1%
Other TalentJeremy Borash
62.1%
Match 8 - World Heavyweight TitleSharmell
60.6%
Match 3 - SinglesJay Lethal
59.1%
Other TalentDon West
57.6%
Match Particpants % Correct
Match 3 - SinglesSonjay Dutt
53%
Match 1 - 4 Way Elimination Tag MatchDoug Williams
51.5%
Match 7 - 6 Man Tag Full Metal MayhemChristian Cage
50%
Match 7 - 6 Man Tag Full Metal MayhemTomko
50%
Match 5 - Knockouts TitleTaylor Wilde
45.5%
Match 4 - 'Fan's Revenge' Lumberjack Match for the World Tag TitlesHéctor Guerrero
43.9%
Match 4 - 'Fan's Revenge' Lumberjack Match for the World Tag TitlesJackie Moore
40.9%
Match 3 - SinglesSoCal Val
39.4%
Other TalentB.G. James
39.4%
Match 4 - 'Fan's Revenge' Lumberjack Match for the World Tag TitlesSalina
37.9%
Match 1 - 4 Way Elimination Tag MatchÚltimo Guerrero
36.4%
Match 1 - 4 Way Elimination Tag MatchPuma
27.3%
Match 5 - Knockouts TitleRaisha Saeed
27.3%
Other TalentDavid Penzer
27.3%
Match 1 - 4 Way Elimination Tag MatchTyson Dux
21.2%
Match 1 - 4 Way Elimination Tag MatchMasato Yoshino
16.7%
Match 1 - 4 Way Elimination Tag MatchMilano Collection A.T.
16.7%
Match 1 - 4 Way Elimination Tag MatchRey Bucanero
16.7%
Match 1 - 4 Way Elimination Tag MatchAlex Koslov
16.7%
Match 6 - 4 Way Ultimate X Match for the World X CupDaivari
16.7%
Match 6 - 4 Way Ultimate X Match for the World X CupVolador Jr.
15.2%
Match 6 - 4 Way Ultimate X Match for the World X CupNaruki Doi
15.2%
Match 7 - 6 Man Tag Full Metal MayhemJohnny Devine
15.2%
Match 1 - 4 Way Elimination Tag MatchAverno
13.6%
Other TalentFrank Trigg
9.1%

You're not logged in!

Compare scores with friends on all Sporcle quizzes.
OR
Log In

Show Comments

Extras

Top Quizzes Today


Score Distribution

Your Account Isn't Verified!

In order to create a playlist on Sporcle, you need to verify the email address you used during registration. Go to your Sporcle Settings to finish the process.

Report this User

Report this user for behavior that violates our Community Guidelines.

Details: